Hawaï - Choix multiples - Statistiques

Statistiques générales
  • Ce quiz a été pris 24 fois
  • Le résultat moyen est 6 sur 10
Statistiques - réponses
Question Réponse % Correct
Quelle base militaire américaine d'Hawaï fut la cible d'une attaque japonaise en 1941, ce qui précipita les États-Unis d'Amérique dans la Seconde Guerre mondiale ? Pearl Harbor
100%
Quelle ville est la capitale d'Hawaï ? Honolulu
96%
Reconnaissez-vous un paysage hawaïen sur l'une des photographies suivantes ?
75%
Parmi ces séries des années 1980, laquelle fut tournée à Hawaï ? Magnum
63%
Quel volcan d'Hawaï est en éruption quasi continue depuis 1983, avec fontaines et coulées de lave encore observées en 2026 ? Le Kīlauea
58%
Quel rocker fut la vedette du concert "Aloha from Hawaii" en 1973, le premier concert retransmis en direct par satellite, devant (une estimation de) 1,5 milliards de téléspectateurs ? Elvis Presley
54%
Sur quelle île hawaïenne, les lépreux étaient-ils mis en quarantaine lorsque les précédents sont venus les soulager ? Moloka'i
54%
Quel film de Fred Zinnemann sorti en 1953 avait pour cadre l'attaque japonaise de la base précédente ? Tant qu'il y aura des hommes
54%
Quel clerc missionnaire belge a soulagé les âmes et les corps des lépreux sur une île hawaïenne et a lui-même contracté la terrible maladie ? Le Père Damien
17%
Quelle religieuse américaine a collaboré avec le précédent pour soigner les lépreux sur la même île mais sans jamais contracter la maladie ? Mère Marianne Cope
13%
Aucun quiz correspondant
Distribution des résultats
% des personnes avec chaque résultat
Percentile par nombre de réponses
Votre historique - résultats
Vous n’avez pas pris ce quiz